Fundamentals of polarized light (Record no. 14365)

MARC details
000 -LEADER
fixed length control field 00481nam a2200169Ia 4500
003 - CONTROL NUMBER IDENTIFIER
control field IN-BaIIA
008 - FIXED-LENGTH DATA ELEMENTS--GENERAL INFORMATION
fixed length control field 211028s9999 xx 000 0 eng d
020 ## - INTERNATIONAL STANDARD BOOK NUMBER
International Standard Book Number 0-471-14302-2
040 ## - CATALOGING SOURCE
Transcribing agency IIA Library
080 ## - UNIVERSAL DECIMAL CLASSIFICATION NUMBER
Universal Decimal Classification number 535.5
Item number BRO
100 ## - MAIN ENTRY--PERSONAL NAME
Personal name Brosseau, C
9 (RLIN) 25438
245 #0 - TITLE STATEMENT
Title Fundamentals of polarized light
Remainder of title a statistical optics approach
Statement of responsibility, etc. C. Brosseau
260 ## - PUBLICATION, DISTRIBUTION, ETC.
Place of publication, distribution, etc. New York
Name of publisher, distributor, etc. John Wiley & Sons
Date of publication, distribution, etc. 1998
300 ## - PHYSICAL DESCRIPTION
Extent xiv, 405p.
650 ## - SUBJECT ADDED ENTRY--TOPICAL TERM
Topical term or geographic name entry element Polarization (light)
9 (RLIN) 25439
942 ## - ADDED ENTRY ELEMENTS (KOHA)
Koha item type Books
Holdings
Withdrawn status Lost status Damaged status Not for loan Home library Current library Shelving location Date acquired Cost, normal purchase price Total Checkouts Full call number Barcode Date last seen Date last checked out Cost, replacement price Price effective from Koha item type Purchase Price
        IIA Library-Bangalore IIA Library-Bangalore General Stacks 27/11/2001 5271.00 2 535.5/ BRO 15285 23/09/2025 21/05/2025 5271.00 27/11/2001 Books Rs. 5271.00

Powered by Koha